<?xml version="1.0" encoding="UTF-8"?>
<marc:record xmlns:marc="http://www.loc.gov/MARC21/slim">
   <marc:leader>00000nam a2200000 a 4500</marc:leader>
   <marc:datafield ind1="1" ind2=" " tag="100">
      <marc:subfield code="a">Fuhrer, Katharina</marc:subfield>
      <marc:subfield code="4">ctb</marc:subfield>
      <marc:subfield code="e">Mitwirkende/-r</marc:subfield>
   </marc:datafield>
   <marc:datafield ind1=" " ind2=" " tag="653">
      <marc:subfield code="a">PBS</marc:subfield>
   </marc:datafield>
   <marc:datafield ind1=" " ind2=" " tag="653">
      <marc:subfield code="a">Lernen / Unterrichtsmaterialien f. Lehrer</marc:subfield>
   </marc:datafield>
   <marc:datafield ind1="0" ind2="0" tag="245">
      <marc:subfield code="a">Ich - du - wir</marc:subfield>
   </marc:datafield>
   <marc:datafield ind1="0" ind2="0" tag="245">
      <marc:subfield code="c">hrsg. von: Heinrich Werthmüller</marc:subfield>
   </marc:datafield>
   <marc:datafield ind1=" " ind2="1" tag="264">
      <marc:subfield code="a">Meilen</marc:subfield>
      <marc:subfield code="b">SI-TZT-Verl.</marc:subfield>
      <marc:subfield code="c">2006</marc:subfield>
   </marc:datafield>
   <marc:datafield ind1=" " ind2=" " tag="250">
      <marc:subfield code="a">1. Aufl.</marc:subfield>
   </marc:datafield>
   <marc:datafield ind1="1" ind2=" " tag="520">
      <marc:subfield code="a">Angaben aus der Verlagsmeldung

Ich - du - wir - Gender : 36 Unterrichtseinheiten zur Entwicklung der Geschlechteridentität

Die Kartensammlung leitet mit Hilfe der bewährten TZT® Methode zur Auseinandersetzung mit dem Thema Gender an. Sie will einen Beitrag zur Entwicklung einer Geschlechtsidentität leisten, bevor die Weichen gestellt sind und die Mädchen und Jungen Berufe und Lebensmuster wählen - oder eben nicht wählen, weil ihnen aufgrund der Rollenmuster unserer Gesellschaft die Grundlagen zur freien Wahl fehlen. Die Unterrichtseinheiten ermöglichen den Lernenden den Zugang zum Stoff durch persönliche Anteile: Es darf und soll gelacht, gestaunt, ausgedrückt und ausgetauscht werden.

1. - 9. Schuljahr
</marc:subfield>
   </marc:datafield>
   <marc:datafield ind1=" " ind2=" " tag="020">
      <marc:subfield code="a">9783907985465</marc:subfield>
      <marc:subfield code="9">9783907985465</marc:subfield>
   </marc:datafield>
   <marc:datafield ind1=" " ind2=" " tag="020">
      <marc:subfield code="a">3292003997</marc:subfield>
      <marc:subfield code="9">3292003997</marc:subfield>
   </marc:datafield>
   <marc:datafield ind1=" " ind2=" " tag="041">
      <marc:subfield code="a">ger</marc:subfield>
   </marc:datafield>
   <marc:datafield ind1=" " ind2=" " tag="300">
      <marc:subfield code="a">80] S.</marc:subfield>
   </marc:datafield>
</marc:record>
